A GUIDE TO MENTAL HEALTH & PSYCHIATRIC NIRSING (Record no. 2186)
[ view plain ]
| 000 -LEADER | |
|---|---|
| fixed length control field | 00361nam a2200145Ia 4500 |
| 008 - FIXED-LENGTH DATA ELEMENTS--GENERAL INFORMATION | |
| fixed length control field | 150201s2010 xx 000 0 und d |
| 082 ## - DEWEY DECIMAL CLASSIFICATION NUMBER | |
| Classification number | 610.7068 |
| Item number | G10S |
| 100 ## - MAIN ENTRY--PERSONAL NAME | |
| Personal name | SREEVANI, R. |
| 245 #2 - TITLE STATEMENT | |
| Title | A GUIDE TO MENTAL HEALTH & PSYCHIATRIC NIRSING |
| 250 ## - EDITION STATEMENT | |
| Edition statement | 3RD |
| 260 ## - PUBLICATION, DISTRIBUTION, ETC. (IMPRINT) | |
| Name of publisher, distributor, etc. | JAYPEE |
| Place of publication, distribution, etc. | INDIA |
| Date of publication, distribution, etc. | 2010 |
| 300 ## - PHYSICAL DESCRIPTION | |
| Extent | 389 |
| 650 ## - SUBJECT ADDED ENTRY--TOPICAL TERM | |
| Topical term or geographic name as entry element | PSYCHIATRY |
| 942 ## - ADDED ENTRY ELEMENTS (KOHA) | |
| Source of classification or shelving scheme | Dewey Decimal Classification |
| Koha item type | Books |
| Koha issues (borrowed), all copies | 108 |
| Withdrawn status | Lost status | Source of classification or shelving scheme | Damaged status | Not for loan | Collection code | Home library | Current library | Shelving location | Date acquired | Source of acquisition | SGTU | Bill Number | Total Checkouts | Total Renewals | Full call number | Barcode | Checked out | Date last seen | Date last checked out | Bill Date | Koha item type | Cost, normal purchase price |
|---|---|---|---|---|---|---|---|---|---|---|---|---|---|---|---|---|---|---|---|---|---|---|
| Dewey Decimal Classification | NURSING | SGT Medical Library | SGT Medical Library | Text Book | 04/12/2014 | ABC DELHI | SGTU | 4559 | 112 | 2 | 610.7068 G10S | FN1484 | 05/06/2026 | 22/05/2026 | 22/05/2026 | 04/12/2014 | Books | |||||
| Dewey Decimal Classification | NURSING | SGT Medical Library | SGT Medical Library | Text Book | 06/07/2014 | ABC DELHI | SGTU | 4669 | 105 | 4 | 610.7368 G10S | FN1634 | 09/06/2026 | 26/05/2026 | 26/05/2026 | 06/07/2014 | Books | 395.00 |